000 00547nam a2200181 i 4500
001 105527
003 ES-MaACL
007 t|
008 060721s1963 sp ||||1| spa d
080 _a339.727.22(460)
100 1 _aCampillo, Manuel.
_934168
245 1 4 _aLas inversiones extranjeras en España (1850-1950) /
_cManuel Campillo.
260 _aMadrid :
_b[s.n.],
_c1963.
300 _a184 p. ;
_c21 cm.
500 _aBiblioteca Juan Andrade.
650 1 4 _aInversiones extranjeras-
_zEspaña.
_913889
852 _aES-MaACL
_jAND-330
_bR.109635
999 _c105527
_d105527